000 00359nam a2200133Ia 4500
008 240624s9999 xx 000 0 und d
041 _aeng
082 _a395.5 MEH
100 _aMEHRA SHITAL KAKKAR
245 _aBUSINESS ETIQUETTE A GUIDE FOR THE INDIA
260 _c2012
_aNew Delhi
_bHarperCollins
300 _axi, : 294 : p. : cm. ; 21
365 _cRS
_b25
999 _c18451
_d18451